| 000 | 00516nam a2200157 a 4500 | ||
|---|---|---|---|
| 001 | 000005411 | ||
| 005 | 20200929151653.0 | ||
| 008 | 090819s1987 sp a 001 spa d | ||
| 020 | _a8400067207 | ||
| 040 | _aDO-SdBNP | ||
| 082 |
_axxx _bR173r |
||
| 245 | 0 | 0 |
_aRedox functions of the eukaryotic plasma membrane / _cedición de J. M. Ramírez. |
| 260 |
_aMadrid, : _bCentro de Investigaciones Biológicas, Consejo Superior de Investigaciones Científica., _c1987. |
||
| 300 |
_a291 p. : _bil ; _c24 cm. |
||
| 049 | _aBNPD | ||
| 999 |
_c5211 _d5211 |
||